Loading...
History - World History | 0 | 5 | 0 | 2 | 50 | 94 | 130.00 | 0 | 2 |
Literature - World Literature | 0 | 4 | 0 | 0 | 40 | 115 | 129.75 | 0 | 1 |
Science - Biology | 2 | 1 | 1 | 0 | 35 | 57 | 63.67 | 0 | 2 |
History - Other History | 0 | 3 | 0 | 1 | 30 | 126 | 138.00 | 0 | 0 |
Literature - European Literature | 0 | 2 | 0 | 2 | 20 | 153 | 154.00 | 0 | 0 |
Other Academic | 0 | 2 | 0 | 0 | 20 | 102 | 106.50 | 0 | 1 |
Science - Physics | 0 | 1 | 0 | 0 | 10 | 86 | 86.00 | 0 | 0 |
History - European History | 0 | 1 | 0 | 1 | 10 | 130 | 130.00 | 0 | 0 |
History - US History | 0 | 1 | 0 | 0 | 10 | 124 | 124.00 | 0 | 0 |
Literature - American Literature | 0 | 1 | 0 | 1 | 10 | 143 | 143.00 | 0 | 0 |
Philosophy | 0 | 1 | 0 | 0 | 10 | 138 | 138.00 | 0 | 0 |
Geography | 0 | 0 | 1 | 0 | -5 | 0.00 | 0 | 0 |